Nazwy państw w językach Koreańskim i Japońskim - Statystyki

Ogólne statystyki
  • Ten quiz został rozwiązany 16 razy
  • Średni wynik to 16 z 22
Statystyki odpowiedzi
Koreański (wymowa) Japoński (wymowa) Odpowiedź % Poprawnych
Belgie Berugī Belgia
100%
Kaenada Kanada Kanada
100%
Reosia Roshia Rosja
100%
Miguk Amerika Stany Zjednoczone
100%
Daeman Taiwan Tajwan
100%
Itallia Itaria Włochy
100%
Indo Indo Indie
92%
Monggol Mongoru Mongolia
92%
Taeguk Tai Tajlandia
92%
Aljeri Arujeria Algieria
85%
Peurangseu Furansu Francja
85%
Ilbon Nihon Japonia
85%
Areuhentina Aruzenchin Argentyna
69%
Nedeollandeu Oranda Holandia
69%
Jungguk Chūgoku Chiny
62%
Seupein Supein Hiszpania
62%
Twireukiye Toruko Turcja
62%
Hanguk Kankoku Korea Południowa
54%
Beurajil Burajiru Brazylia
46%
Beteunam Betonamu Wietnam
38%
Yeongguk Igirisu Wielka Brytania
31%
Dogil Doitsu Niemcy
23%
Nie znaleziono quizów pasujących do podanych kryteriów
Rozkład punktacji
Procent ludzi z każdym wynikiem
Percentyl według liczby udzielonych odpowiedzi
Twoja historia wyników
Nie rozwiązałeś tego quizu